00297nam a2200109Ia 4500008004100000041000800041082001400049100001900063245004900082260003700131300001900168241028s9999 xx 000 0 und d aeng a658.5 BEN aSergio Bennett aGlobal Logistics And Supply Chain Strategies bStates Academic PressaUSAc2023 a258;. P. 22 cm